La aventura creativa: las raíces del diseño

Сохранить в:
Библиографические подробности
Главный автор: Ricard, André (Автор)
Формат:
Язык:испанский
Опубликовано: Barcelona Ariel 2000
Редактирование:1a. ed
Предметы:
Метки: Добавить метку
Нет меток, Требуется 1-ая метка записи!

MARC

LEADER 00000cam a2200000 a 4500
001 UCG8620
003 CL-VaPUC
008 111223e20000000SP |||||||||||||||||spa|d
020 |a 9788434412088 
082 0 4 |a 745.44  |b RIC  |2 21 
100 0 |a Ricard, André  |e author  |9 559720 
245 1 3 |a La aventura creativa: las raíces del diseño 
250 |a 1a. ed 
300 |a 207 p 
942 |c BK 
945 |d 20111223 00:00:00  |a cmena 
260 |a Barcelona  |b Ariel  |c 2000 
650 0 |a Creatividad   |9 310816 
650 0 |a Naturaleza humana   |9 308593 
650 0 |a Procesos mentales superiores  |9 330839 
583 |a last modification  |c 20140117 06:16:00  |k Rodrigo Vera 
999 |c 346224  |d 346222 
952 |0 0  |1 0  |4 0  |6 745_440000000000000_RIC_2000  |7 0  |8 A  |9 446839  |a BIBARQ  |b BIBARQ  |d 2019-11-22  |i 481844K  |l 2  |o 745.44 RIC 2000  |p 481844K  |r 2025-01-20  |s 2023-08-28  |w 2019-11-22  |y BK  |k ARQ